000 01104nam a2200253 a 4500
003 BD-DhJNU
005 20250821053807.0
008 110908s2011 bg b 100 0 eng
020 _a9789845060141
040 _aBD-DhJNU
_bENG
_cBD-DhJNU
_dBD-DhJNU
082 0 0 _a338.9 EDU
_223
245 0 0 _aEducation and national development :
_bselected papers from the 2008 and 2009 conferences on Bangladesh at Harvard University /
_cedited by Syed Saad Andaleeb, Halimur R. Khan, Manzoor Ahmed.
260 _aDhaka :
_bThe University Press Limited,
_c2011.
300 _axxviii, 228 p ;
_c22 cm
504 _aIncludes bibliographical references.
650 0 _aEducation
_zBangladesh
_vCongresses.
650 0 _aEducation and state
_zBangladesh
_vCongresses.
655 7 _aConference papers and proceedings.
_2lcgft
_0https://id.loc.gov/authorities/genreForms/gf2014026068
700 1 _aAndaleeb, Syed Saad,
_eeditor of compilation.
700 1 _aKhan, Halimur R.,
_eeditor of compilation.
700 1 _aAhmed, Manzoor,
_d1940-
_eeditor of compilation.
710 2 _aBangladesh Development Initiative.
942 _cBK
999 _c2004
_d2004